Učitavanje...
Literacy campaigns on India
| Daljnji autori: | |
|---|---|
| Format: | Printed Book |
| Jezik: | English |
| Izdano: |
New Delhi
APH Publishing
1997
|
| Teme: |
| LEADER | 00530nam a22001697a 4500 | ||
|---|---|---|---|
| 005 | 20160820112510.0 | ||
| 008 | 091005t xxu||||| |||| 00| 0 eng d | ||
| 082 | |a 376.76 |b SEE | ||
| 100 | |a Seetharamu,A S |e Editor |9 3475 | ||
| 245 | |a Literacy campaigns on India | ||
| 300 | |a 268p. | ||
| 653 | |a Literacy |a India | ||
| 942 | |c BK |6 _ | ||
| 260 | |a New Delhi |b APH Publishing |c 1997 | ||
| 020 | |a 8170248140 | ||
| 999 | |c 171181 |d 171181 | ||
| 952 | |0 0 |1 0 |2 ddc |4 0 |6 37676_SEE |7 0 |9 222376 |a DAE |b DAE |d 2009-10-05 |o 376.76 SEE |p ECO08940 |r 2016-08-20 |w 2016-08-20 |y BK | ||